000 01011cab a2200241 4500
001 ABS37996
008 090401t1987 xxu||||| |||| 00| 0 eng d
035 _a(Sirsi) u7963
041 _aeng
245 4 _aThe Golden Triangle
260 _c1987
350 _a0
490 _aEstates Times
_vSupplement Spring 1987, (82)
520 _aSurvey on the Heathrow - Gatwick Triangle, begins with a review of industrial, shops and office rents and land prices for retail, office and high-tech development. Reviews the high tech market and includes a profile of Heron Hi-Tech . Highlights the findings of the JLW Research Report on Greater London Offices. Considers prospects for the retail market , both for town centres and out-of-town development and concludes with a report on leisure development.
650 _aINDUSTRIAL RENTS
650 _aMIDDLESEX
650 _aPLANNING
650 _aSHOP RENTS
650 _aSURREY
690 _aPROPERTY-COMMERCIAL PROPERTY
942 _n0
948 _c04/03/1997
999 _c4848
_d4848